| Tag |
First Indicator |
Second Indicator |
Subfields |
| LEADER |
00000cam a2200000 a 4500 |
| 001 |
in00000087037 |
| 005 |
20151008064708.0 |
| 008 |
810115s1980 fr a b i00000 engm |
| 010 |
|
|
|a 80516541
|
| 015 |
|
|
|a F***
|
| 020 |
|
|
|a 923101658X (pbk.)
|
| 035 |
|
|
|a (OCoLC)07247323
|
| 035 |
|
|
|9 AAK4641AM
|
| 040 |
|
|
|a DLC
|c DLC
|d TXA
|d UtOrBLW
|
| 049 |
|
|
|a TXAM
|c [1407068]
|
| 050 |
0 |
0 |
|a LB1137
|b .C46
|
| 082 |
0 |
|
|a 372/.216
|2 19
|
| 090 |
|
|
|a LB5
|b .U37 n.s., no.34
|
| 245 |
0 |
4 |
|a The Child and play :
|b theoretical approaches and teaching applications.
|
| 264 |
|
1 |
|a Paris, France :
|b Unesco ;
|c [1980]
|
| 264 |
|
2 |
|a New York, N.Y. :
|b [distributed by] Unipub,
|
| 264 |
|
4 |
|c ©1980
|
| 300 |
|
|
|a 68 pages :
|b illustrations ;
|c 30 cm.
|
| 336 |
|
|
|a text
|b txt
|2 rdacontent
|
| 337 |
|
|
|a unmediated
|b n
|2 rdamedia
|
| 338 |
|
|
|a volume
|b nc
|2 rdacarrier
|
| 490 |
1 |
|
|a Educational studies and documents : New series ;
|v no. 34
|
| 504 |
|
|
|a Bibliography: pages 67-68.
|
| 650 |
|
0 |
|a Play.
|
| 830 |
|
0 |
|a Educational studies and documents ;
|v new ser., no. 34.
|
| 999 |
|
|
|a MARS
|
| 999 |
f |
f |
|s 0195b6cd-051e-31c5-999a-b28115d72ece
|i b3605d07-595b-396e-9323-9be83d70599c
|t 0
|
| 952 |
f |
f |
|p normal
|a Texas A&M University
|b College Station
|c Sterling C. Evans Library
|d Evans: Library Stacks
|t 0
|e LB5 .U37 n.s., no.34
|h Library of Congress classification
|i unmediated -- volume
|m A14821479334
|
| 998 |
f |
f |
|a LB5 .U37 n.s., no.34
|t 0
|l Evans: Library Stacks
|